Normal view
MARC view
- El-Nawawy, Mohammed,
Entry Personal Name
001 - CONTROL NUMBER
- control field: 39806
003 - CONTROL NUMBER IDENTIFIER
- control field: OSt
005 - DATE AND TIME OF LATEST TRANSACTION
- control field: 20160412120630.0
008 - FIXED-LENGTH DATA ELEMENTS
- fixed length control field: 160412|| aca||aabn | a|a d
040 ## - CATALOGING SOURCE
- Original cataloging agency: OSt
100 1# - HEADING--PERSONAL NAME
- Personal name: El-Nawawy, Mohammed,
- Dates associated with a name: 1968-
400 1# - SEE FROM TRACING--PERSONAL NAME
- Personal name: Nawawy, Mohammed El-,
- Dates associated with a name: 1968-
500 1# - SEE ALSO FROM TRACING--PERSONAL NAME
- Personal name: النووي، محمد،
- Dates associated with a name: 1968-